Un lugar para estudiar : estudio exploratorio de la migración estudiantil colombiana a Bahía Blanca durante la última década /

Detalles Bibliográficos
Autor principal: Torrez Gallardo, Marcela
Otros Autores: Cobo, Lucía Alejandra
Formato: Artículo
Lenguaje:Espa�ol
Materias:
Acceso en línea:Sistema de Información Científica Redalyc.
Etiquetas: Agregar Etiqueta
Sin Etiquetas, Sea el primero en etiquetar este registro!

MARC

LEADER 00000nab a22000005a 4500
001 AR-BbUGT10140
003 AR-BbUGT
005 20210612182956.0
007 ta
008 190628s2018 ag |||p |||| 00| 0 spa d
040 |a AR-BbUGT  |c AR-BbUGT 
041 1 |a spa  |b eng  |h spa 
100 1 |a Torrez Gallardo, Marcela. 
245 1 0 |a Un lugar para estudiar :  |b estudio exploratorio de la migración estudiantil colombiana a Bahía Blanca durante la última década /  |c Marcela Torrez Gallardo, María Alejandra Cobo. 
300 |a p. 157-176 
520 3 |a La movilidad humana es un fenómeno de todos los tiempos, con características específicas de acuerdo con cada época, que va cambiado según la propia dinámica histórico-geográfica, y que se convierte en un hecho constitutivo del desarrollo de la humanidad. En el contexto del nuevo orden mundial y las implicancias de la globalización, la movilidad se constituye en la esencia de la mundialización (Campbell, 1994). Los procesos migratorios pasan a constituir el centro de estudio para entender la dinámica social que acompaña a la fragmentación de los procesos productivos y de inversión que caracterizan a la heterogeneidad mundial. En la actualidad, el desplazamiento de personas es un tema que se ha complejizado en varios aspectos, en principio, debido a las diferentes causas que lo motivan y a las consecuencias que generan a través de la construcción de nuevas territorialidades transnacionales. De este modo, las migraciones aparecen en el foco de estudio de un amplio campo disciplinar, cuya relevancia está centrada no solo en la descripción académica, sino en su implicancia para el desarrollo de políticas públicas asociadas a las temáticas de los procesos migratorios. El presente artículo constituye un estudio exploratorio sobre la migración estudiantil de colombianos en la ciudad de Bahía Blanca (Argentina). A partir de la identificación de las causas que motivan el movimiento migratorio, se pone de manifiesto el papel que cumple la política migratoria y la universidad pública en el contexto del proceso de internacionalización de la educación superior. Entre los resultados se destaca la caracterización del movimiento migratorio estudiantil como primera apertura a la construcción del perfil migratorio colombiano en Bahía Blanca. 
651 4 |a Bahía Blanca (Argentina)  |9 257 
653 |a Enseñanza superior  
653 |a Migración estudiantil 
653 |a Perfiles migratorios 
653 |a Internacionalización de la educación 
700 1 |a Cobo, Lucía Alejandra. 
773 0 |t Revista Universitaria de Geografía /   |x 0326-8373  |w AR-BbUGT7010  |d Bahía Blanca : Universidad Nacional del Sur. Departamento de Geografía, 1985 - .  |q 27: 2<176.  |g Vol. 27, no. 2 (2018), p. 157-176 
856 4 1 |3 Texto completo.  |u https://www.redalyc.org/articulo.oa?id=383257592007  |y Sistema de Información Científica Redalyc. 
942 |c ARTPP  |2 ddc 
999 |c 15814  |d 15814